000 03454cam a22005174i 4500
003 PE-LiUPU
005 20250731173115.0
008 190320s2018 xxu rb 001 0 eng d
020 _a1946527114
020 _a9781946527110
035 _a(Sirsi) a251995
040 _aPE-LiUPU
_bspa
_cPE-LiUPU
_erda
049 _aPRUA
082 0 4 _a220.6
_bS8
_223
245 0 0 _aStrength to strength :
_bessays in appreciation of Shaye J.D. Cohen /
_ceditor Michael L. Satlow.
264 1 _aProvidence :
_bBrown Judaic Studies,
_c[2018].
300 _axiv, 714 páginas ;
_c23 centímetros.
336 _atext
_2rdacontent
337 _aunmediated
_2rdamedia
338 _avolume
_2rdacarrier
504 _aBibliografía: páginas 675-686.
504 _aÍndice: páginas 687-714.
505 0 _aShaye J. D. Cohen: An Appreciation -- Signs of Poetry Past: literariness in pre-biblical -- Prohibited Bodies in Leviticus 18 -- The Territoriality of YHWH in Biblical Texts -- Jerusalem in Greek and Latin Literature -- No Ancient Judaism -- Early Jewish Knowledge of Greek Medicine -- The Problem of the Hyphen and Jewish/Judean Ethnic Identity -- What Did They See When They Read the Genesis Apocryphon in the First Decade after Its Publication? -- The Tetragrammaton in the Habakkuk Pesher -- Laws Pertaining to Purification after Childbirth in the Dead Sea Scrolls -- Philo and Jewish Ethnicity -- Josephus's "Samaias-Source"The Two Gentlemen of Trachonitis -- Why "Common Judaism" Does Not Look like Mediterranean Religion -- Paul's Scriptures; Galatians 6:12 on Circumcision and Persecution -- Early Rabbinic Midrash between Philo and Qumran -- Charity as a Negative Obligation in Early Rabbinic Literature -- Interspecies and Cross-species Generation -- Toward a History of Rabbinic Powerlessness -- Hair's the Thing -- Three Crowns; Ahiqar and Rabbinic Literature -- Guidelines for the Ideal Way of Life -- Some Aspects of Ancient Legal Thought -- The Role of Disgust in Rabbinic Ethics -- The Place of Shabbat -- An Analysis of Sugyot Containing the Phrase Lo Savar Lah Mar in the Babylonian TalmudLiving on the Edge -- "Epigraphical Rabbis" in Their Epigraphical Contexts -- Palaestina Secunda -- Did Constantine Really Prohibit (All) "Conversion to Judaism" in 329? -- Taming the Jewish Genie -- Reinventing Yavneh in Sherira's Epistle; On Medieval Jewish Prophecy -- Hitler and Antiochus, Hellenists and Rabbinerdoktoren -- Abel J. Herzberg's The Memoirs of King Herod -- Study Is Greater, for Study Leads to Action -- Dicing and Divination.
526 _aSEG42
526 _aSEG41
526 _aSEG40
526 _aSEG39
526 _aP94
526 _aP87
526 _aP86
526 _aP85
526 _aP77
526 _aP76
526 _aP35
650 0 4 _aHermeneutik.
_0(DE-588)4128972-9
_2gnd.
650 0 7 _aJudentum.
_0(DE-588)4114087-4
_2gnd.
650 0 4 _aRabbinische Literatur.
_0(DE-588)4048110-4
_2gnd.
650 0 4 _aCriticism, interpretation, etc.
_2fast
_0(OCoLC)fst01411635.
700 1 _aSatlow, Michael L.,
_eeditor.
910 _adbm
_bksl
_cksl
_d20190320
942 _2ddc
_cBOOK
994 _aC0
_bPEPRU
596 _a1
999 _a220.6 S8
_wDEWEY
_c31253
_i80053
_f2021-11-9
_g3
_lCCODEBUL1
_mBUL
_p49.00
_r0
_sY
_tBOOK
_u2019-3-20
_xTEOLOGIA
_PP35
_0DONACION
_o.STAFF. Colección Teología
_d31253
980 _81
_gALBERTO SANCHEZ Responsable de Automatización